000 00293nam a22001217a 4500
008 230629b xxu||||| |||| 00| 0 eng d
082 _a333.72
_bCON
100 _cCON
245 _aConservation and the Environment in Namibia
260 _aNamibia
_bCON
_c2002
300 _a56p
942 _2ddc
_cBK
999 _c2945
_d2945